000 02412cam a2200625Mi 4500
001 ocn936072396
003 OCoLC
005 20200320214205.0
008 151006s2016 enk 000 1 eng
019 _a946084991
020 _a9780008132194
_q(pbk.)
020 _a0008132194
_q(pbk.)
020 _a9780008132163
020 _a000813216X
020 _a9780008132170
020 _a0008132178
020 _c23.00
029 0 _aAU@
_b000057044853
029 1 _aNZ1
_b16201994
029 1 _aUKDEL
_b138275165
029 1 _aUNITY
_b138275165
029 1 _aAU@
_b000061239438
035 _a(OCoLC)936072396
_z(OCoLC)946084991
040 _aAU@
_beng
_cAU@
_dOCLCO
_dCDX
_dOCLCQ
_dOCLCO
_dNZALP
_dOCLCO
_dYDX
_dNZEPN
_dAL5CW
_dCNWLU
_dOCLCQ
_dOCLCO
_dOCLCF
_dWACOL
043 _ae-uk-en
049 _aWACL
050 4 _aPR6103
082 0 4 _a823.92
_223
092 _aF
_bCan
100 1 _aCannon, Joanna,
_eauthor.
_95987372
245 1 4 _aThe trouble with goats and sheep /
_cJoanna Cannon.
264 1 _aLondon :
_bBorough Press,
_c2016.
300 _a455 pages ;
_c24 cm
336 _atext
337 _aunmediated
338 _avolume
520 _aMrs Creasy is missing and The Avenue is alive with whispers. As the summer shimmers endlessly on, ten-year-olds Grace and Tilly decide to take matters into their own hands. And as the cul-de-sac starts giving up its secrets, the amateur detectives will find much more than they imagined ...
521 _aFiction
_b, gift
650 0 _aMissing persons
_vFiction.
_95987373
650 0 _aSecrets
_vFiction.
_95673929
650 7 _aMissing persons.
_2fast
_0(OCoLC)fst01023702
_95987374
655 0 _aDetective and mystery stories.
_95987375
655 4 _aDetective and mystery stories.
_95987375
655 4 _aMystery fiction.
_95987376
655 7 _aDetective and mystery fiction.
_2lcgft
_95683641
655 7 _aDetective and mystery fiction.
_2fast
_0(OCoLC)fst01726581
_95683641
655 7 _aFiction.
_2fast
_0(OCoLC)fst01423787
_95673940
938 _aCoutts Information Services
_bCOUT
_n31169970
938 _aYBP Library Services
_bYANK
_n13833805
938 _aYBP Library Services
_bYANK
_n13862204
942 _cBOOK
_07
948 _a11/05/2018
_zSirsi
994 _aC0
_bWACOL
996 _a157492
_b34301001614850
_cF
_dbk
_ewcl
_fi
_g7
_h23.00
_lgift
_mCan
_p11/07/2018
_q03/17/2020
_r02/20/2020
999 _c314678
_d314677